| 000 | 00878nam a22002297a 4500 | ||
|---|---|---|---|
| 005 | 20090413153829.0 | ||
| 008 | 090203t xxu||||| |||| 00| 0 eng d | ||
| 010 | _aENG-92782 | ||
| 020 |
_c75.00 _a9788190715522 |
||
| 035 | _aEN-76315 | ||
| 037 | _bDBAD / PUB | ||
| 040 |
_adpl _bEnglish |
||
| 082 | _a658.022 | ||
| 100 | _aBuvaneswaran, V. | ||
| 245 |
_aManagement of small business / _cby V Buvaneswaran |
||
| 260 |
_aTamil Nadu _bGlobal Publications _c2008 |
||
| 270 |
_aDepartment of Management Studies, Marudupandiyar College, Vallam (Post), _bTamil Nadu |
||
| 300 |
_a160p. _c24cm (pbk) |
||
| 650 |
_aSmall business _xManagement. |
||
| 942 |
_2ddc _cEN _mBUV _h658.022 |
||
| 999 |
_c22887 _d22887 |
||